000 00287nam a22001337a 4500
008 170411b xxu||||| |||| 00| 0 eng d
020 _a9780805354522
041 _aeng
080 _a612.39
100 _a9
101 _aSHM
245 _aNUTRITION & YOU
_cBLAKE, J.S
942 _2udc
_cBK
999 _c10323
_d10323